ბათუმის შოთა რუსთაველის სახელმწიფო უნივერსიტეტის ბიბლიოთეკა

Understanding telecommunications networks / (ბიბ.ჩანაწერი № 57402)

000 -LEADER
fixed length control field 00715cam a2200205 i 4500
001 - CONTROL NUMBER
control field 20646656
005 - DATE AND TIME OF LATEST TRANSACTION
control field 20221108162029.0
008 - FIXED-LENGTH DATA ELEMENTS--GENERAL INFORMATION
fixed length control field 180827s2017 enka b 001 0 eng d
020 ## - INTERNATIONAL STANDARD BOOK NUMBER
International Standard Book Number 9781785611643 X
Qualifying information (hardback)
041 ## - LANGUAGE CODE
Language code of text/sound track or separate title eng
080 ## - UNIVERSAL DECIMAL CLASSIFICATION NUMBER
Universal Decimal Classification number 621.382 V-17
100 1# - MAIN ENTRY--PERSONAL NAME
Personal name Valdar, A. R.,
9 (RLIN) 8444
245 10 - TITLE STATEMENT
Title Understanding telecommunications networks /
Statement of responsibility, etc. Andy Valdar.
250 ## - EDITION STATEMENT
Edition statement 2nd edition.
264 #4 - PRODUCTION, PUBLICATION, DISTRIBUTION, MANUFACTURE, AND COPYRIGHT NOTICE
Date of production, publication, distribution, manufacture, or copyright notice 2017.
Place of production, publication, distribution, manufacture London, United Kingdom :
Name of producer, publisher, distributor, manufacturer The Institution of Engineering and Technology,
300 ## - PHYSICAL DESCRIPTION
Extent 383 pages :
Other physical details illustrations ;
Dimensions 24 cm
653 ## - INDEX TERM--UNCONTROLLED
keyword ტელეკომუნიკაცია
653 ## - INDEX TERM--UNCONTROLLED
keyword სატელეკომუნიკაციო ქსელები
942 ## - ADDED ENTRY ELEMENTS (KOHA)
Source of classification or shelving scheme
Koha item type წიგნი
ეგზემპლარები
Withdrawn status Lost status Source of classification or shelving scheme Damaged status Not for loan Permanent Location Current Location Shelving location Date acquired Cost, normal purchase price Full call number Barcode Date last seen Copy number Price effective from Koha item type Public note
          ბათუმის შოთა რუსთაველის სახელმწიფო უნივერსიტეტის მთავარი ბიბლიოთეკა ბათუმის შოთა რუსთაველის სახელმწიფო უნივერსიტეტის მთავარი ბიბლიოთეკა წიგნსაცავი 2020-06-17 201.00 621.382 V-17 60602 2020-06-17 60602 2020-06-17 წიგნი 201 ლ.